| 000 | 01413nam a2200265Ia 4500 | ||
|---|---|---|---|
| 999 |
_c53037 _d53037 |
||
| 001 | 20073 | ||
| 003 | GE_BSU | ||
| 005 | 20200113174452.0 | ||
| 008 | 181216s2011||||ge |||||||||||||| ||geo|| | ||
| 020 | _a978-9941-0-3343-8 | ||
| 040 | _cGE_BSU | ||
| 041 |
_ageo _hrus |
||
| 080 | _a821.161.1-31 დ-77 | ||
| 100 |
_aდოსტოევსკი, ფიოდორ (1821-1881) _96090 |
||
| 245 |
_aძმები კარამაზოვები. რომანი 2 ტომად : _bტ.1 / _cრუს. თარგმნა ვაჟა ახალაძემ ; მთ. რედ. ნათია ნაცვლიშვილი, რედ. გიორგი ლობჟანიძე; ნახატი ყდაზე გურამ ნავროზაშვილი. |
||
| 264 |
_aთბილისი : _bლაბირინთი, _c2011. |
||
| 300 |
_a487 გვ. ; _b20 სმ. |
||
| 490 |
_aკლასიკა, _xISSN 1987-9709 |
||
| 653 | _aრომანი | ||
| 700 |
_aახალაძე, ვაჟა _eმთარგმნელი _96091 |
||
| 700 |
_aნაცვლიშვილი, ნათია _eრედაქტორი _9890 |
||
| 700 |
_aლობჟანიძე, გიორგი _eრედაქტორი _96092 |
||
| 700 |
_aნავროზაშვილი, გურამ _eმხატვარი _96093 |
||
| 942 |
_cBK _2udc |
||